Conversaciones mediadas por una pantalla: análisis de discurso sobre el sentido figurado en lo virtual

সংরক্ষণ করুন:
গ্রন্থ-পঞ্জীর বিবরন
প্রধান লেখক: Palma Neyra, Ismalí (Andrea Ismalí) (autora)
বিন্যাস: গ্রন্থ
ভাষা:স্প্যানিশ
প্রকাশিত: Santiago Universidad Academia de Humanismo Cristiano 2011
সংস্করন:1a. ed
মালা:Colección Ensayo
বিষয়গুলি:
ট্যাগগুলো: ট্যাগ যুক্ত করুন
কোনো ট্যাগ নেই, প্রথমজন হিসাবে ট্যাগ করুন!

MARC

LEADER 00000cam a2200000 a 4500
001 UCF1775
003 CL-VaPUC
008 120723e20110000CL |||||||||||||||||spa|d
020 |a 9789567382316 
082 0 4 |a 401.41  |b PAL  |2 21 
100 |a Palma Neyra, Ismalí  |q (Andrea Ismalí)  |e autora  |9 563265 
245 1 0 |a Conversaciones mediadas por una pantalla: análisis de discurso sobre el sentido figurado en lo virtual 
250 |a 1a. ed 
300 |a 226 p 
942 |c BK 
945 |d 20120723 00:00:00  |a dcastane 
260 |a Santiago  |b Universidad Academia de Humanismo Cristiano  |c 2011 
650 0 |a Análisis del discurso  |9 256696 
650 0 |a Lingüística  |9 265068 
650 0 |a Periodismo   |9 310113 
650 0 |a Medios de comunicación de masas  |9 257273 
583 |a last modification  |c 20120723 10:17:00  |k Rodrigo Vera 
490 0 |a Colección Ensayo 
999 |c 348463  |d 348461 
952 |0 0  |1 0  |4 0  |6 401_410000000000000_PAL_2011  |7 0  |8 A  |9 450473  |a BIBING  |b BIBING  |d 2019-11-22  |i 4875087  |o 401.41 PAL 2011  |p 4875087  |r 2025-01-20  |w 2019-11-22  |y BK  |k CUI